В поисках выхода: военно-политические аспекты международной безопасности

Detalles Bibliográficos
Autor principal: Кокошин А. А. Андрей Афанасьевич
Sumario:Исключено из фонда НТБ ТПУ
Lenguaje:ruso
Publicado: Москва, Изд-во политической лит-ры, 1989
Formato: MixedMaterials Libro
KOHA link:https://koha.lib.tpu.ru/cgi-bin/koha/opac-detail.pl?biblionumber=250498

MARC

LEADER 00000nam0a2200000 4500
001 250498
005 20231031213204.0
010 |a 5250006272 
035 |a (RuTPU)RU\TPU\book\272703 
090 |a 250498 
100 |a 20140213d1989 m y0rusy50 ca 
101 0 |a rus 
102 |a RU 
105 |a y z 001zy 
200 1 |a В поисках выхода: военно-политические аспекты международной безопасности  |f А. А. Кокошин 
210 |a Москва  |c Изд-во политической лит-ры  |d 1989 
215 |a 271 с. 
333 |a Исключено из фонда НТБ ТПУ 
700 1 |a Кокошин  |b А. А.  |g Андрей Афанасьевич 
801 1 |a RU  |b 63413507  |c 20140213 
801 2 |a RU  |b 63413507  |c 20220311  |g RCR 
942 |c BK